000 00997cpcaa2200265 4500
001 mm 83003842
003 DLC
005 20260227111718.0
008 830304|||||||||||| eng
010 _amm 83003842
040 _aDLC
_cDLC
_edacs
_dDLC
072 7 _aC
_2lcmd
100 1 _aBarrett, Oliver R.
_q(Oliver Roger),
_d1873-1950.
245 0 0 _aOliver R. Barrett collection regarding sale of lands by American Indians,
_f1638-1769.
300 _a2
_fitems.
506 0 _aOpen to research.
533 _aPositive photocopy of originals held by Oliver R. Barrett.
_bWashington, D.C. :
_cLibrary of Congress,
_d1925.
545 0 _aCollector.
546 _aCollection material in English.
580 _aForms part of: Miscellaneous Manuscripts collection.
650 0 _aIndians of North America.
650 0 _aReal property.
656 7 _aCollectors.
_2itoamc
999 _c43864
_d43864